000 00659nam a22001817a 4500
999 _c187056
_d187056
005 20220329151907.0
010 _aENG-132157
020 _a9788180900631
_c500.00
035 _aEN-115689
037 _bDBAD/PUB
082 _a294.59218
_22018
_b1
245 _aTHE UPANISHADS:
_bSelection from the 108 upanishads text with english traslation/
_cTranslated by T.M.P. Mahadevan
260 _aDELHI
_bBhartiya Kala Prakashan
_c2018
270 _a3421 - A ,IInd Floor ,Narang Colony , Tri Nagar
_bDelhi
_e110035
_k011-27393083
_mwww.bkpbooks.com
300 _avii;534P
_c22(hbk)
700 _aMahadevan, T.M.P.
942 _2ddc
_cEN
_mUPA
_h294.59218